| 000 | 00336nam a2200133Ia 4500 | ||
|---|---|---|---|
| 008 | 190328s9999||||xx |||||||||||||| ||und|| | ||
| 082 |
_a306.6 _bKAN/E |
||
| 100 | _aDiwan, Paras | ||
| 245 | 0 | _aMODERN HINDU LAW | |
| 260 |
_aFaridabad _bAllahabad Law Agency _c2016 |
||
| 300 | _a640p. | ||
| 650 | _aHindu Law/Family/Muslim Law | ||
| 942 | _cBK | ||
| 999 |
_c4666 _d4666 |
||